| 000 | 00444nam a2200157 i 4500 | ||
|---|---|---|---|
| 001 | 29936 | ||
| 003 | ES-MaACL | ||
| 005 | 20230906154119.0 | ||
| 007 | t| | ||
| 008 | 030123s1968 sp ||||1| spa d | ||
| 100 | 1 |
_aBasilio de San Pablo. _926293 |
|
| 245 | 1 | 0 |
_aManual de historia de la Pasión de Cristo / _cBasilio de San Pablo. |
| 260 |
_aMadrid : _bStudium, _c[1968] |
||
| 300 |
_a226 p. ; _c21 cm. |
||
| 852 |
_aES-MaACL _jC-49882 _bR.70544 |
||
| 999 |
_c29936 _d29936 |
||